000 01261cam a22002054a 4500
005 20250605164015.0
008 250528s ||||||||||||||||||||||||d
035 _a16143
020 _a192632590
040 _aGR-AtMCL
_bgre
_dGR-AtMCL
_eAACR2
245 1 _aThe Descent of Mind / Psychological Perspectives on Hominid Evolution
260 _bOxford University Press,
_c2004
300 _a362
520 _aA thorough overview of what is known of the non-primate mind and its evolution. Are Humans Special? A History of Psychological Perspectives, The Background to Hi Mind Intelligence, Phylogeny from Apes to Humans, Human Cognitive Evolution, Predicting Hominid Intelligence from Brain Size, Perception of Personality Traits and Semantic Learning in Evolving Hominids, Preconditions for the Evolution of Protolanguages, The Role of Gesture and Mimetic Representation in Making Language the Province of Speech, The Evolution of Deep Social Mind in Humans, The Rise of the Meta Mind, The Evolution of a Theory of Mind, The Evolution of Certain Novel Human Capacities, Social Influences on Human Assortative Mating, Index.
700 1 _aCorballis Michael C
_92182
700 1 _aLea Stephen E.G
_92183
942 _cBK
999 _c1679
_d1679